Top 20 IFFHS goalkeepers of 20th century - Statistics

General Stats
  • This quiz has been taken 83 times
  • The average score is 5 of 20
Answer Stats
Position Country Main Club Answer Points % Correct
1 Russia Dynamo Moscow Lev Yashin 1,002
83%
2 England Leicester City Gordon Banks 717
76%
7 Denmark Manchester United Peter Schmeichel 291
65%
3 Italy Juventus Dino Zoff 661
53%
8 England Nottingham Forest Peter Shilton 196
47%
4 Germany Bayern Munich Sepp Maier 456
43%
16 Belgium Bayern Munich Jean-Marie Pfaff 95
18%
20 Italy Inter Milan Walter Zenga 62
18%
6 Chile Vélez Sarsfield José Luis Chilavert 373
15%
11 Brazil Corinthians Gilmar 160
13%
17 Russia Spartak Moscow Rinat Dasayev 89
13%
14 Argentina River Plate Ubaldo Fillol 121
8%
10 Argentina River Plate Amadeo Carrizo 192
7%
15 Mexico Leon Antonio Carbajal 105
7%
18 Hungary Budapest Honved Gyula Grosics 87
7%
12 Uruguay Peñarol Ladislao Mazurkiewicz 144
7%
13 Northern Ireland Tottenham Patrick Jennings 132
6%
5 Spain Real Madrid Ricardo Zamora 443
6%
19 Sweden Goteborg Thomas Ravelli 66
4%
9 Czech Republic Slavia Prague František Plánička 194
3%
No matching quizzes found
Score Distribution
Percent of People with Each Score
Percentile by Number Answered
Your Score History
You have not taken this quiz